000
00239nam a2200097Ia 4500
008
230508s2013 xx 000 0 und d
041
_a
eng
100
_a
SEN P.C.
245
_a
MODERN POWER ELECTRONICS
260
_b
S. CHAND & COMPANY P
_c
2013
999
_c
334733
_d
334733